000 00332 a2200157 4500
001 187953
020 _a85-279-0387-3
040 _cMagnum
100 _aKavera
240 1 0 _aBazófias peristálticas
_lpor
245 1 0 _aBazófias peristálticas
300 _a157
362 0 _a2005
697 _aLITERATURA GERAL
942 _cBK
999 _c187953
_d187953